000 00367pam a2200157a 44500
008 230515b1998 xxu||||| |||| 00| 0 eng d
020 _aNULL
041 _aENGL
082 _aSAY
100 _aM.G.SAY
245 _aTHE PERFORMANCE AND DESIGN OF ALTERNATING CURRENT MACHINES
250 _a3
260 _aNULL
_bC.B.S
_c1998
300 _a664 PB
650 _aNULL
999 _c658764
_d658764